Budapest 97E bus - Statistics

General Stats
  • This quiz has been taken 9 times
  • The average score is 14 of 22
Answer Stats
Hint Answer % Correct
4. Kis utca
88%
1. Örs vezér tere M+H
88%
5. Bakancsos utca
75%
14. Kucorgó tér
75%
8. Mezőtárkány utca
75%
7. Rákoskeresztúr, városközpont
75%
10. Sági utca
75%
21. Schell Gyuláné tér
75%
6. Szent kereszt tér
75%
11. Tápióbicske utca
75%
2. 513. utca
63%
3. Borsó utca
63%
12. Kisvárda utca
63%
17. Nyomdász utca
63%
9. Oroszvár utca
63%
19. Rákoskert sugárút
63%
13. Vecsey Ferenc utca
63%
20. Erzsébet körút
50%
16. Nyomdok utca
50%
18. Sáránd utca
50%
15. Olcsva utca
38%
22. Rózsaszál utca
38%
No matching quizzes found
Score Distribution
Percent of People with Each Score
Percentile by Number Answered
Your Score History
You have not taken this quiz